000
00324nam a2200121 a 4500
005
20140414131914.0
008
100902s19uu xx 00 eng d
050
_a
FIC
_b
K68 1998
100
_a
Kline, Suzy
245
_a
Horrible Harry moves up to third grade.
260
_a
New York :
_b
Scholastic ,
_c
1998.
999
_c
111383
_d
111383